LEADER 01115nam a2200289 u 4500 001 000000054009 003 CaOOAMICUS 005 20070226115626.0 008 001127s1999 it u000 u ita u 020 $a8842058394 035 $a10862495 040 $aMSA$bita$dPUL 100 1 $aGreco, Gaetano.$0(OLS)http://pul/name/38408 245 13$aLa Chiesa in Italia nell'età moderna /$cGaetano Greco. 260 $aRoma :$bLaterza,$c1999. 300 $axi, 342 p. ;$c21 cm 490 1 $aQuadrante ;$v104 500 $aContiene indice analitico. 650 4$aChiesa$xStoria$yEtà moderna.$0(OLS)http://pul/subject/1633 830 0$aQuadrante ;$v104.$0(OLS)http://pul/title/12896 850 $aPUL 852 $aPUL$W1$xSL Religione 2$y84$mRH D 38$j71192$nBK-PRI$b $qStampati altre collocazioni$B71192$CPULBib$Z2$F71192 $H $81 941 1 $a10 961 $aINV: 90070 996 $6020$a8842058394$9(OLS)http://pul/number/68047 996 $6245$aLa Chiesa in Italia nell'età moderna$9(OLS)http://pul/title/72444 996 $6260$aRoma :$bLaterza$9(OLS)http://pul/publisher/47864 LEADER 01523nam a2200301 a 4500 001 000000150608 003 CaOOAMICUS 005 20160318104633.0 008 160318s2016 gw u000 u ger r 020 $a978-3-402-10291-6* 032 $aLibriCat 040 $aPUL$bita 100 1 $aBuchmüller, Wolfgang G.$0(OLS)http://pul/name/95872 245 10$aIsaak von Étoile :$bMonastische Theologie im Dialog mit dem Neo-Platonismus des 12. Jahrhunderts /$cWolfang G. Buchmüller. 260 $aMünster :$bAschendorff,$c©2016. 300 $a690 p.;$c23 cm. 490 1 $aBeitrage zur Geschichte der Philosophie und Theologie des Mittelaters. Text und Untesuchungen. Neue Folge ;$vBd. 80 500 $aContiene indici. 504 $aBibliografia in nota. 650 4$aTeologia monastica.$0(OLS)http://pul/subject/35771 830 0$aBeiträge zur Geschichte der Philosophie und Theologie des Mittelalters.$pTexte und Untersuchungen.$pNeue Folge$cWolfang G. Buchmüller ;$v80.$0(OLS)http://pul/title/35517 850 $aPUL 852 $aPUL$W1$xSL Religione 2$y84$mTheol A2 44.80$j173114$qStampati Altre Collocazioni$B175162$CPULBib$Z2$F175162 $H127497 $81 941 1 $a10 996 $6020$a978-3-402-10291-6*$9(OLS)http://pul/number/160098 996 $6245$aIsaak von Étoile :$bMonastische Theologie im Dialog mit dem Neo-Platonismus des 12. Jahrhunderts$9(OLS)http://pul/title/189765 996 $6260$aMünster :$bAschendorff$9(OLS)http://pul/publisher/48290